[Event "HZ Chess Tournament 2024"]
[Site "Vlissingen, Netherlands"]
[Date "2024.08.06"]
[Round "4.29"]
[White "Grooten, Tommy"]
[Black "Zaheeruddeen, Asefi"]
[Result "1-0"]
[WhiteElo "2146"]
[BlackElo "1998"]
[PlyCount "237"]

1. d4 Nf6 2. c4 g6 3. Nc3 d5 4. g3 c6 5. Bg2 Bg7 6. Nf3 O-O 7. O-O a5 8. cxd5
cxd5 9. Bf4 Qb6 10. Qb3 Qxb3 11. axb3 Nc6 12. Ne5 Nxd4 13. b4 a4 14. Rfd1 Nc2
15. Rxa4 Rxa4 16. Nxa4 Nxb4 17. Rc1 Nd7 18. Rxc8 Rxc8 19. Nxd7 Rc2 20. Bf3 f6
21. Ndb6 e6 22. Kg2 Bf8 23. Be3 Kf7 24. h4 Bd6 25. Bd4 e5 26. Bc3 e4 27. Bg4 f5
28. Bh3 Ke6 29. Kg1 Rxe2 30. Bf1 Rc2 31. Bb5 Nc6 32. Nc8 Ne5 33. Nxd6 Rc1+ 34.
Kg2 Kxd6 35. Bb4+ Ke6 36. Nc5+ Kf7 37. Nxb7 d4 38. Nd8+ Kf6 39. Bd2 Rd1 40.
Bg5+ Kg7 41. Be2 Rb1 42. Ne6+ Kf7 43. Nxd4 Rxb2 44. Bd1 Rb4 45. Be3 Ke8 46. Be2
Kd7 47. h5 Kd6 48. Bd1 Nd3 49. Bb3 Rb7 50. Bc4 Ke5 51. Ne6 Kd6 52. Nf8 gxh5 53.
Ne6 Ke5 54. Nf4 Ne1+ 55. Kh3 Nf3 56. Be2 Rb1 57. Bxf3 exf3 58. Kh2 Ke4 59. Nh3
Kd3 60. Nf4+ Ke4 61. Nxh5 Rb7 62. Nf4 Rb1 63. Ne6 Re1 64. Ng5+ Kd5 65. Nxf3 Rb1
66. Ng5 Rb7 67. Kg2 Ke5 68. Nf3+ Kf6 69. Nd2 Rb4 70. Nf3 Rc4 71. Bd4+ Ke6 72.
Be5 Rg4 73. Bf4 Rg7 74. Kh3 Rb7 75. Kh4 Kf6 76. Kh5 Rb1 77. Be5+ Ke6 78. Bf4
Kd5 79. Be3 Rb7 80. Kg5 Rf7 81. Kf4 h6 82. Nd4 Rf8 83. Kf3 Rf6 84. Ne2 Ke6 85.
Nf4+ Kf7 86. Ne2 Ra6 87. Nd4 Kg6 88. Kf4 Ra4 89. Ke5 Ra5+ 90. Kd6 Ra6+ 91. Nc6
h5 92. Kd5 Ra4 93. Nd4 Ra5+ 94. Kc4 Re5 95. Nf3 Ra5 96. Kd4 Rb5 97. Kd3 Ra5 98.
Nh4+ Kf6 99. Ke2 Ra4 100. Kf3 Rb4 101. Ng2 Rb7 102. Bd4+ Kg5 103. Nf4 h4 104.
Ne6+ Kh5 105. Ng7+ Kg5 106. gxh4+ Kxh4 107. Nxf5+ Kg5 108. Ke4 Rb1 109. f4+ Kg6
110. Nd6 Re1+ 111. Kd5 Rf1 112. Be5 Rf2 113. Ke6 Rf1 114. f5+ Rxf5 115. Nxf5
Kg5 116. Ne3 Kh4 117. Kf5 Kh3 118. Bf6 Kg3 119. Ke4 1-0

[Event "HZ Chess Tournament 2024"]
[Site "Vlissingen, Netherlands"]
[Date "2024.08.05"]
[Round "4.30"]
[White "Haak, Eelco"]
[Black "Hng, Mei-En Emmanuelle"]
[Result "1/2-1/2"]
[WhiteElo "1974"]
[BlackElo "2145"]
[PlyCount "86"]

1. d4 Nf6 2. c4 e6 3. Nc3 c5 4. d5 exd5 5. cxd5 d6 6. e4 g6 7. f4 Bg7 8. Bb5+
Nfd7 9. a4 O-O 10. Nf3 Na6 11. O-O Nb4 12. f5 a6 13. Bxd7 Bxd7 14. Bg5 f6 15.
Bf4 Qc7 16. fxg6 hxg6 17. Qd2 b5 18. Bh6 c4 19. Nd4 Rae8 20. axb5 axb5 21.
Ncxb5 Qc5 22. Bxg7 Kxg7 23. Nc3 Nd3 24. Qe3 f5 25. Ra7 Rf7 26. Rxd7 Rxd7 27.
Ne6+ Rxe6 28. Qxc5 dxc5 29. dxe6 Re7 30. exf5 gxf5 31. Rxf5 Rxe6 32. g3 Kg6 33.
Rd5 Rb6 34. Na4 Rb4 35. Nxc5 Nxb2 36. Ne4 Nd3 37. h4 Rb2 38. Rg5+ Kh6 39. Nf6
Rb6 40. Nd5 Rb3 41. Ne3 c3 42. Ng4+ Kh7 43. Nf6+ Kh6 1/2-1/2

[Event "HZ Chess Tournament 2024"]
[Site "Vlissingen, Netherlands"]
[Date "2024.08.05"]
[Round "4.32"]
[White "Timmermans, Ivo"]
[Black "Lind, Jacco"]
[Result "1-0"]
[WhiteElo "2143"]
[BlackElo "1983"]
[PlyCount "35"]

1. c4 c5 2. Nf3 Nf6 3. g3 g6 4. Bg2 Bg7 5. O-O O-O 6. Nc3 d6 7. d4 cxd4 8. Nxd4
Qc7 9. b3 a6 10. Bb2 Nc6 11. Rc1 Qb6 12. c5 dxc5 13. Na4 Qc7 14. Nxc6 bxc6 15.
Rxc5 Rd8 16. Rxc6 Rxd1 17. Rxc7 Rxf1+ 18. Kxf1 1-0

[Event "HZ Chess Tournament 2024"]
[Site "Vlissingen, Netherlands"]
[Date "2024.08.05"]
[Round "4.33"]
[White "Omota, Vlad"]
[Black "Decker, Nils"]
[Result "1-0"]
[WhiteElo "1945"]
[BlackElo "2134"]
[PlyCount "103"]

1. e4 d6 2. b3 Nf6 3. d3 g6 4. Bb2 Bg7 5. g3 d5 6. Nd2 O-O 7. Bg2 d4 8. Ne2 e5
9. O-O a5 10. a4 Nc6 11. h3 Nb4 12. f4 exf4 13. gxf4 c5 14. Nf3 Ra6 15. Bc1
Nxe4 16. dxe4 d3 17. c3 dxe2 18. Qxe2 Bxc3 19. Bb2 Bxb2 20. Qxb2 Qd3 21. Ne5
Qd4+ 22. Qxd4 cxd4 23. Rad1 Nc2 24. Rf3 Rd8 25. Rfd3 Be6 26. R1d2 Ne1 27. Rxd4
Rxd4 28. Rxd4 Nxg2 29. Kxg2 Bxb3 30. Nd7 Rc6 31. e5 Rc4 32. Nf6+ Kg7 33. Rd8
Rxf4 34. Kg3 Rb4 35. h4 Rb6 36. Rg8+ Kh6 37. Ng4+ Kh5 38. Rh8 g5 39. Rxh7+ Kg6
40. Rh6+ Kf5 41. Rxb6 gxh4+ 42. Kxh4 Bxa4 43. Rxb7 Be8 44. Ra7 a4 45. Ra5 Bc6
46. Nh6+ Ke6 47. Ra6 Kd5 48. Nxf7 Bb5 49. Ra5 Kc6 50. Nd8+ Kb6 51. Rxb5+ Kxb5
52. e6 1-0

[Event "HZ Chess Tournament 2024"]
[Site "Vlissingen, Netherlands"]
[Date "2024.08.05"]
[Round "4.34"]
[White "Kalle, Erwin"]
[Black "Andriessen, Bart Jan"]
[Result "1-0"]
[WhiteElo "1998"]
[BlackElo "1857"]
[PlyCount "51"]

1. e4 c5 2. Nf3 d6 3. d4 cxd4 4. Nxd4 Nf6 5. Nc3 a6 6. h3 e5 7. Nf3 Be6 8. Ng5
Be7 9. Nxe6 fxe6 10. Bc4 Qd7 11. a3 b5 12. Ba2 Nc6 13. O-O Rc8 14. f4 exf4 15.
Bxf4 O-O 16. e5 Ne8 17. Qg4 d5 18. Nxd5 Nd8 19. Nxe7+ Qxe7 20. Bg5 Qc5+ 21. Kh1
Rxf1+ 22. Rxf1 Qxe5 23. Bxd8 Rxd8 24. Qxe6+ Qxe6 25. Bxe6+ Kh8 26. Rf8# 1-0

[Event "HZ Chess Tournament 2024"]
[Site "Vlissingen, Netherlands"]
[Date "2024.08.05"]
[Round "4.35"]
[White "Van Doren, Bas"]
[Black "Kaufmann, Thomas"]
[Result "1-0"]
[WhiteElo "2129"]
[BlackElo "1968"]
[PlyCount "87"]

1. Nf3 Nf6 2. g3 g6 3. Bg2 Bg7 4. O-O O-O 5. d4 d6 6. a4 a5 7. Nc3 Na6 8. e4
Nd7 9. Be3 e5 10. Nb5 Qe7 11. dxe5 Nxe5 12. Nxe5 dxe5 13. Qe2 Be6 14. Rfd1 Rfd8
15. h4 h5 16. Kh2 Rxd1 17. Rxd1 Rd8 18. Rxd8+ Qxd8 19. Qd2 Qxd2 20. Bxd2 b6 21.
b3 Bf8 22. Bf1 Nc5 23. f3 c6 24. Nc7 Nxb3 25. cxb3 Bxb3 26. Be3 c5 27. Bb5 Be7
28. Nd5 Bxd5 29. exd5 Kf8 30. Bh6+ Kg8 31. Bc4 Bd6 32. Bg5 f5 33. Bd8 e4 34. f4
Kf7 35. Bxb6 Ke7 36. Bxa5 Kd7 37. Kg2 Be7 38. Bc3 Kc7 39. Kf2 Kd7 40. Be5 Bd8
41. Bc3 Bb6 42. Ke2 Ba7 43. a5 Ke7 44. Be5 1-0

[Event "HZ Chess Tournament 2024"]
[Site "Vlissingen, Netherlands"]
[Date "2024.08.05"]
[Round "4.36"]
[White "Manshanden, Nick"]
[Black "Larsen, Harald"]
[Result "1-0"]
[WhiteElo "2114"]
[BlackElo "1961"]
[PlyCount "73"]

1. d4 Nf6 2. Bg5 d5 3. e3 e6 4. Nd2 Be7 5. Ngf3 O-O 6. Bd3 h6 7. Bxf6 Bxf6 8.
h4 Nc6 9. g4 g6 10. g5 hxg5 11. hxg5 Bg7 12. c3 e5 13. dxe5 Bg4 14. Qa4 Qd7 15.
Bb5 a6 16. Bxc6 bxc6 17. Nh2 Bf5 18. Qh4 Rfe8 19. f4 c5 20. Nhf1 Rab8 21. b3 c4
22. Ng3 cxb3 23. axb3 Qc6 24. Nxf5 gxf5 25. Rc1 Qb6 26. Kf2 Qe6 27. Rcg1 Rb6
28. Qg3 c5 29. Rh6 Bxh6 30. gxh6+ Kf8 31. h7 Ke7 32. Qh4+ Kd7 33. h8=Q Rxh8 34.
Qxh8 d4 35. exd4 cxd4 36. Rd1 d3 37. Nc4 1-0

[Event "HZ Chess Tournament 2024"]
[Site "Vlissingen, Netherlands"]
[Date "2024.08.05"]
[Round "4.37"]
[White "Van der Werf, Joel"]
[Black "Brehme, Ralf-Peter"]
[Result "1-0"]
[WhiteElo "2114"]
[BlackElo "1952"]
[PlyCount "95"]

1. e4 d5 2. exd5 Nf6 3. d4 Bg4 4. Bb5+ c6 5. dxc6 Nxc6 6. f3 Bf5 7. c3 Qb6 8.
Qb3 e6 9. Ne2 Be7 10. Nd2 O-O 11. Nc4 Qc7 12. Bf4 Qd8 13. Ne3 Bg6 14. Qd1 Qb6
15. a4 e5 16. Nc4 Qc7 17. Nxe5 Nxe5 18. Bxe5 Qb6 19. Qd2 a6 20. Bc4 Rac8 21.
Ba2 Nd7 22. Bg3 Rfe8 23. a5 Qb5 24. Kf2 Bg5 25. Nf4 Nf6 26. c4 Qa4 27. Qc3 Bxf4
28. Bxf4 Nd5 29. Bb3 Qxa1 30. Rxa1 Nxc3 31. bxc3 Bd3 32. c5 Re2+ 33. Kg3 Rc6
34. Kh3 h6 35. Bd5 Rf6 36. Be5 Rg6 37. g4 h5 38. Ra2 hxg4+ 39. fxg4 Rxa2 40.
Bxa2 Bf1+ 41. Kg3 Bb5 42. h4 Bd7 43. g5 Rc6 44. Bd5 g6 45. Bd6 Be6 46. Bxc6
bxc6 47. Kf4 Kg7 48. Be7 1-0

[Event "HZ Chess Tournament 2024"]
[Site "Vlissingen, Netherlands"]
[Date "2024.08.05"]
[Round "4.38"]
[White "Lacrosse, Marc"]
[Black "Merz, Leander"]
[Result "1/2-1/2"]
[WhiteElo "2112"]
[BlackElo "1950"]
[PlyCount "30"]

1. d4 Nf6 2. c4 e6 3. Nf3 b6 4. g3 Ba6 5. Qa4 Bb7 6. Bg2 c5 7. dxc5 bxc5 8. O-O
Be7 9. Nc3 O-O 10. Rd1 Qb6 11. Qc2 d6 12. b3 Rd8 13. Bb2 Na6 14. Rac1 Rac8 15.
e3 h6 1/2-1/2

[Event "HZ Chess Tournament 2024"]
[Site "Vlissingen, Netherlands"]
[Date "2024.08.05"]
[Round "4.40"]
[White "Kazarjan, Gachatur"]
[Black "Van Gemert, Rogier"]
[Result "1-0"]
[WhiteElo "2100"]
[BlackElo "1945"]
[PlyCount "41"]

1. e4 g6 2. d4 Bg7 3. Nc3 a6 4. Be3 d6 5. h4 h6 6. h5 g5 7. f4 gxf4 8. Bxf4 Nc6
9. Be3 Nf6 10. Be2 b5 11. e5 dxe5 12. Bf3 Bd7 13. d5 Na5 14. Qd3 Nc4 15. O-O-O
Nxe3 16. Qxe3 Bg4 17. Ne4 Bxf3 18. Qxf3 Nxe4 19. Qxe4 Qd6 20. Nf3 O-O-O 21.
Qg4+ 1-0

[Event "HZ Chess Tournament 2024"]
[Site "Vlissingen, Netherlands"]
[Date "2024.08.05"]
[Round "4.41"]
[White "Godding, Mick"]
[Black "Kliashtornyi, Arkadii"]
[Result "0-1"]
[WhiteElo "1892"]
[BlackElo "2098"]
[PlyCount "56"]

1. e4 c6 2. Nc3 d5 3. Nf3 dxe4 4. Nxe4 Nf6 5. Qe2 Nxe4 6. Qxe4 Qa5 7. Ne5 Nd7
8. Nc4 Qd5 9. Qe2 Nf6 10. d4 Bg4 11. f3 Bh5 12. Bf4 e6 13. O-O-O b5 14. Na5
Qxa2 15. Nxc6 a6 16. Qe5 Qa1+ 17. Kd2 Qxb2 18. d5 Bb4+ 19. Ke3 Bc5+ 20. Kd2
Qxe5 21. Bxe5 Nxd5 22. Bxg7 Be3+ 23. Ke2 Rg8 24. Bb2 Rc8 25. Nb4 Nxb4 26. Kxe3
Rxc2 27. Bf6 Nd5+ 28. Kd3 Bg6+ 0-1

[Event "HZ Chess Tournament 2024"]
[Site "Vlissingen, Netherlands"]
[Date "2024.08.05"]
[Round "4.42"]
[White "Verhoef, Harry"]
[Black "Fronda, Jan Jodilyn"]
[Result "1-0"]
[WhiteElo "1852"]
[BlackElo "2089"]
[PlyCount "95"]

1. e4 c5 2. Nc3 e6 3. Nf3 Nc6 4. d4 cxd4 5. Nxd4 Qc7 6. Nxc6 bxc6 7. Bd3 Nf6 8.
O-O e5 9. f4 d6 10. Qf3 Be7 11. Kh1 exf4 12. Bxf4 Be6 13. e5 Nd5 14. exd6 Bxd6
15. Nxd5 cxd5 16. Bxd6 Qxd6 17. Bb5+ Ke7 18. Rae1 Rhf8 19. Qe3 f6 20. c4 Kf7
21. c5 Qe7 22. Rf2 Rab8 23. Bc6 d4 24. Qxd4 Qd8 25. Qa4 Qd3 26. Rfe2 Bd5 27.
Qxa7+ Kg8 28. Bxd5+ Qxd5 29. Re7 Qg5 30. Qa3 Rfc8 31. b4 h5 32. Qb3+ Kh8 33. h3
h4 34. a3 Rd8 35. Qe3 Qf5 36. Qf3 Qg6 37. Qg4 Qh6 38. Rd7 Re8 39. Red1 Re5 40.
Rd8+ Rxd8 41. Rxd8+ Kh7 42. Kh2 f5 43. Qf3 Qg5 44. Rd4 Re3 45. Rxh4+ Kg6 46.
Qf4 Rxa3 47. Qxg5+ Kxg5 48. Rc4 1-0

[Event "HZ Chess Tournament 2024"]
[Site "Vlissingen, Netherlands"]
[Date "2024.08.05"]
[Round "4.43"]
[White "Harreman, Joeri"]
[Black "Goudriaan, Rafael"]
[Result "1-0"]
[WhiteElo "1658"]
[BlackElo "2079"]
[PlyCount "77"]

1. Nf3 Nf6 2. d4 g6 3. c4 Bg7 4. Nc3 O-O 5. e4 d6 6. Be2 Nbd7 7. O-O e5 8. dxe5
dxe5 9. Be3 c6 10. Qd6 Re8 11. h3 Bf8 12. Qd3 Qc7 13. Qc2 Bc5 14. Bg5 Kg7 15.
Qd2 Ng8 16. Rab1 h6 17. Be3 Bxe3 18. Qxe3 Nf8 19. Rfd1 Ne6 20. b4 Nf4 21. Bf1
g5 22. c5 Ne7 23. Rd6 Neg6 24. Rbd1 Be6 25. h4 f6 26. g3 Nh5 27. Be2 gxh4 28.
Nxh4 Nxh4 29. Bxh5 Ng6 30. f4 exf4 31. gxf4 Kh7 32. Bxg6+ Kxg6 33. f5+ Kh7 34.
fxe6 Qg7+ 35. Kf2 Qg6 36. Rd7+ Kh8 37. Rg1 Qh5 38. Qf4 Rxe6 39. Rgg7 1-0

[Event "HZ Chess Tournament 2024"]
[Site "Vlissingen, Netherlands"]
[Date "2024.08.05"]
[Round "4.44"]
[White "Marzano, Carlo"]
[Black "Galle, Andre"]
[Result "1/2-1/2"]
[WhiteElo "2079"]
[BlackElo "1942"]
[PlyCount "58"]

1. d4 Nf6 2. Nf3 e6 3. c4 b6 4. a3 c5 5. d5 Ba6 6. Qb3 exd5 7. cxd5 d6 8. e4
Bxf1 9. Kxf1 Be7 10. Nc3 O-O 11. g3 a6 12. a4 Nbd7 13. Kg2 Rb8 14. Rd1 Re8 15.
Qc2 b5 16. axb5 axb5 17. h3 Bf8 18. Re1 b4 19. Nb1 Nb6 20. b3 g6 21. Bb2 Bg7
22. Nbd2 Nfd7 23. Bxg7 Kxg7 24. Nc4 Nxc4 25. Qxc4 Nb6 26. Qd3 Qc7 27. Nd2 Ra8
28. Nc4 Nxc4 29. Qxc4 Qe7 1/2-1/2

[Event "HZ Chess Tournament 2024"]
[Site "Vlissingen, Netherlands"]
[Date "2024.08.05"]
[Round "4.45"]
[White "Romkes, Abel"]
[Black "Verheij, Dana"]
[Result "1-0"]
[WhiteElo "2078"]
[BlackElo "1941"]
[PlyCount "95"]

1. d4 f5 2. Nc3 Nf6 3. Bf4 d6 4. Qd3 g6 5. e4 Bg7 6. Nf3 O-O 7. e5 Nh5 8. Bd2
Nc6 9. O-O-O dxe5 10. Qc4+ Kh8 11. dxe5 Qe8 12. Nb5 Qf7 13. Nxc7 Qxc4 14. Bxc4
Rb8 15. Bc3 Nf4 16. g3 Nh3 17. Rhf1 f4 18. Ne6 Bxe6 19. Bxe6 fxg3 20. fxg3 Rxf3
21. Rxf3 Ng5 22. Bd5 Nxf3 23. Bxf3 Bxe5 24. Bxc6 Bxc3 25. bxc3 bxc6 26. Rd7 Rf8
27. Rxa7 Rf2 28. Rxe7 Rxh2 29. a4 Rh5 30. Kb2 Ra5 31. Kb3 Rf5 32. Kb4 Rf1 33.
Kc5 Ra1 34. Re4 Kg7 35. Kxc6 h5 36. Kb6 g5 37. a5 Rf1 38. Ra4 Rf6+ 39. Kc5 Rf5+
40. Kd6 h4 41. gxh4 gxh4 42. a6 Rf8 43. a7 Ra8 44. Kc7 h3 45. Kb7 h2 46. Ra1
Rh8 47. Rh1 Rf8 48. a8=Q 1-0